50 teorías científicas revolucionarias e imaginativas

Uloženo v:
Podrobná bibliografie
Hlavní autor: Parsons, Paul (autor)
Médium: Kniha
Jazyk:španělština
Vydáno: Barcelona Blume 2010
Edice:Guía Breve
Témata:
Tagy: Přidat tag
Žádné tagy, Buďte první, kdo vytvoří štítek k tomuto záznamu!

MARC

LEADER 00000cam a2200000 a 4500
001 UCF0440
003 CL-VaPUC
008 120517e20100000SP |||||||||||||||||spa|d
020 |a 9788498014419 
082 0 4 |a 500  |b PAR  |2 21 
100 |a Parsons, Paul  |e autor  |9 562248 
245 1 0 |a 50 teorías científicas revolucionarias e imaginativas 
300 |a 160 p 
942 |c BK 
945 |d 20120517 00:00:00  |a dcastane 
260 |a Barcelona  |b Blume  |c 2010 
650 0 |a Ciencias naturales  |9 260542 
650 0 |a Física   |9 227844 
650 0 |a Astronomía  |9 260985 
650 0 |a Biología  |9 262022 
650 0 |a Teorías científicas  |9 316549 
583 |a last modification  |c 20121105 01:03:24  |k Rodrigo Vera 
490 0 |a Guía Breve 
999 |c 347757  |d 347755 
952 |0 0  |1 0  |4 0  |6 500_000000000000000_PAR_2010  |7 0  |8 C  |9 449348  |a BIBCUR  |b BIBCUR  |d 2019-11-22  |i 4865952  |l 2  |o 500 PAR 2010  |p 4865952  |r 2025-04-22  |s 2024-08-01  |w 2019-11-22  |y BK  |k EXP